Search the Library Catalogue
| 000 -LEADER | |
|---|---|
| fixed length control field | 00498nam a22001697a 4500 |
| 008 - FIXED-LENGTH DATA ELEMENTS--GENERAL INFORMATION | |
| fixed length control field | 251006b |||||||| |||| 00| 0 eng d |
| 020 ## - INTERNATIONAL STANDARD BOOK NUMBER | |
| ISBN | 9780679866947 |
| Paper back/Hardbound | pbk |
| 041 ## - LANGUAGE CODE | |
| Language code of text/sound track or separate title | eng |
| 082 ## - DEWEY DECIMAL CLASSIFICATION NUMBER | |
| Classification number | 813.54 |
| Item number | PAR |
| 100 ## - MAIN ENTRY--AUTHOR NAME | |
| Personal name | Park, Barbara |
| 245 ## - TITLE STATEMENT | |
| Title | Junie B. Jones And The Yucky Blucky Fruitcake |
| Statement of responsibility, etc | by Barbara Park Illustrated by Denise Brunkus |
| 250 ## - EDITION STATEMENT | |
| Edition statement | 1ed., |
| 260 ## - PUBLICATION, DISTRIBUTION, ETC. (IMPRINT) | |
| Place of publication | New York |
| Name of publisher | Random House Books For Young Readers |
| Year of publication | 1995 |
| 300 ## - PHYSICAL DESCRIPTION | |
| Number of Pages | 71p. |
| 942 ## - ADDED ENTRY ELEMENTS (KOHA) | |
| Koha item type | English Books |
| Withdrawn status | Lost status | Damaged status | Not for loan | Home library | Current library | Shelving location | Date acquired | Full call number | Accession Number | Price effective from | Koha item type |
|---|---|---|---|---|---|---|---|---|---|---|---|
| Anna Centenary Library | Anna Centenary Library | CHILDREN SECTION-1ST FLOOR, B WING | 21.09.2016 | 813.54 PAR | GO15966 | 06.10.2025 | English Books |